| 000 | 00369pam a2200157a 44500 | ||
|---|---|---|---|
| 008 | 230515b1997 xxu||||| |||| 00| 0 eng d | ||
| 020 | _a0 | ||
| 041 | _aENGLISH | ||
| 082 | _a616.7 GRE | ||
| 100 | _aGREATHOUSE J.S. | ||
| 245 | _aDELMARS REDIOGRAPIC POSITIONING PROCEDURES VOL.1 | ||
| 250 | _a1 | ||
| 260 |
_aNULL _bDELMAR _c1997 |
||
| 300 | _a743 | ||
| 650 | _aN.D. | ||
| 999 |
_c480725 _d480725 |
||